मुल्क अवाणों का / (Record no. 8554)

MARC details
000 -LEADER
fixed length control field 01063 a2200241 4500
005 - DATE AND TIME OF LATEST TRANSACTION
control field 2008091201221.0
008 - FIXED-LENGTH DATA ELEMENTS--GENERAL INFORMATION
fixed length control field 080912t xxu||||| |||| 00| 0 hin d
010 ## - LIBRARY OF CONGRESS CONTROL NUMBER
LC control number HIN-81494
020 ## - INTERNATIONAL STANDARD BOOK NUMBER
International Standard Book Number 8176671932
Terms of availability 300.00
035 ## - SYSTEM CONTROL NUMBER
System control number HN-53840
037 ## - SOURCE OF ACQUISITION
Source of stock number/acquisition पु.प्र.अ.प्र / प्रका.
082 ## - DEWEY DECIMAL CLASSIFICATION NUMBER
Classification number
100 ## - MAIN ENTRY--PERSONAL NAME
Personal name कोहली, द्रोणवीर
245 ## - TITLE STATEMENT
Title मुल्क अवाणों का /
Statement of responsibility, etc द्रोणवीर कोहली
246 ## - VARYING FORM OF TITLE
Title proper/short title Mulk Awadon Ka
Remainder of title By-Droan Vir Kohli
260 ## - PUBLICATION, DISTRIBUTION, ETC. (IMPRINT)
Place of publication, distribution, etc दिल्ली
Name of publisher, distributor, etc भावना प्रकाशन
Date of publication, distribution, etc 2007
270 ## - ADDRESS
Address 109 ए ,पटपटगंज
City दिल्ली
Postal code 110091
300 ## - PHYSICAL DESCRIPTION
Extent 280पृ
Dimensions 23सेमी(सजिल्द)
650 ## - SUBJECT ADDED ENTRY--TOPICAL TERM
Topical term or geographic name as entry element हिन्दी उपन्यास
650 ## - SUBJECT ADDED ENTRY--TOPICAL TERM
Topical term or geographic name as entry element Hindi Novel
942 ## - ADDED ENTRY ELEMENTS (KOHA)
Institution code [OBSOLETE] dpl
Koha item type Hindi Books
Call number prefix उ / कोहली
Source of classification or shelving scheme Dewey Decimal Classification
Classification part
Call number suffix कोहली
Holdings
Withdrawn status Lost status Damaged status Not for loan Home library Current library Date acquired Cost, normal purchase price Total Checkouts Full call number Barcode Date last seen Copy number Uniform Resource Identifier Cost, replacement price Price effective from Koha item type
        D.B.Act.Division D.B.Act.Division 12/09/2008 300.00   उ कोहली HN-53840 15/09/2008 1 9494 300.00 15/09/2008 Hindi Books

© Delhi Public Library
Hit Counter
free hit counter